[Event "Campeonato Femenino 2015"]
[Site "Sochi RUS"]
[Date "2015.03.23"]
[Round "18.4"]
[White "Arabidze, Meri"]
[Black "Cmilyte, Viktorija"]
[Result "1/2-1/2"]
[WhiteElo "2374"]
[BlackElo "2530"]
[PlyCount "92"]
[EventDate "2015.03.16"]
[EventType "k.o."]
[EventRounds "6"]
[EventCountry "RUS"]
[Source "lmi"]
[SourceDate "2015.03.16"]

1. d4 Nf6 2. c4 c5 3. d5 b5 4. cxb5 a6 5. bxa6 g6 6. Nc3 Bg7 7. e4 O-O 8. Bd3
Qa5 9. a7 Na6 10. Nge2 Nb4 11. Bb1 d6 12. O-O Qxa7 13. Nb5 Qb6 14. a4 Ba6 15.
Nec3 Ne8 16. Re1 Nc7 17. Na3 Bd4 18. Be3 e6 19. a5 Qa7 20. dxe6 fxe6 21. Qd2
Nc6 22. Nc2 Rf7 23. Ra4 Raf8 24. Nxd4 cxd4 25. Rxd4 Nxd4 26. Bxd4 Qb7 27. Ba2
Re8 28. Bb6 Qc6 29. Rc1 Na8 30. Bd4 Qb7 31. f4 Qb4 32. Rd1 Bc4 33. Bxc4 Qxc4
34. Be3 Rd7 35. Qd4 Qb3 36. Qa4 Qxa4 37. Nxa4 Rb8 38. Nb6 Nxb6 39. Bxb6 Kf7 40.
Kf2 Ke7 41. b4 Rdb7 42. e5 Rxb6 43. axb6 dxe5 44. fxe5 Rxb6 45. Rd4 Rb5 46. Re4
Kd7 1/2-1/2

[Event "Campeonato Femenino 2015"]
[Site "Sochi RUS"]
[Date "2015.03.23"]
[Round "18.6"]
[White "Cramling, Pia"]
[Black "Gunina, Valentina"]
[Result "1-0"]
[WhiteElo "2495"]
[BlackElo "2528"]
[PlyCount "77"]
[EventDate "2015.03.16"]
[EventType "k.o."]
[EventRounds "6"]
[EventCountry "RUS"]
[Source "lmi"]
[SourceDate "2015.03.16"]

1. Nf3 d5 2. d4 Nf6 3. c4 c6 4. Nc3 dxc4 5. a4 Bf5 6. e3 e6 7. Bxc4 Bb4 8. O-O
O-O 9. Nh4 Nbd7 10. h3 a5 11. Nxf5 exf5 12. Qf3 Nb6 13. Bb3 g6 14. g4 fxg4 15.
hxg4 Qe7 16. e4 Bxc3 17. bxc3 Nxe4 18. Re1 Rae8 19. Bh6 Nd5 20. c4 Ndc3 21. c5
Nd5 22. Bxf8 Kxf8 23. Bxd5 cxd5 24. Qf4 Qh4 25. Kg2 h5 26. Rh1 Qd8 27. Rab1 Qd7
28. Rb6 Kg8 29. Rhb1 Qxa4 30. Rxb7 Rf8 31. Qe5 Qc2 32. R7b2 Qd3 33. Rb8 f6 34.
Qxd5+ Kg7 35. R1b7+ Kh6 36. Rxf8 f5 37. gxf5 Ng3 38. Rh7+ Kg5 39. fxg6+ 1-0

[Event "Campeonato Femenino 2015"]
[Site "Sochi RUS"]
[Date "2015.03.23"]
[Round "18.7"]
[White "Zhao, Xue"]
[Black "Khotenashvili, Bela"]
[Result "1-0"]
[WhiteElo "2527"]
[BlackElo "2513"]
[PlyCount "93"]
[EventDate "2015.03.16"]
[EventType "k.o."]
[EventRounds "6"]
[EventCountry "RUS"]
[Source "lmi"]
[SourceDate "2015.03.16"]

1. d4 d5 2. c4 e6 3. Nc3 Be7 4. Nf3 Nf6 5. Bf4 O-O 6. e3 Nbd7 7. Qc2 c5 8. Rd1
cxd4 9. exd4 dxc4 10. Bxc4 Nb6 11. Bb3 Nbd5 12. Be5 h6 13. O-O b6 14. Bxf6 Bxf6
15. Nxd5 exd5 16. Ne5 Qd6 17. Rfe1 Be6 18. Qd3 Bxe5 19. Rxe5 Rfe8 20. Ba4 Bd7
21. Bc2 g6 22. Qe3 Rxe5 23. dxe5 Qe6 24. h3 Rc8 25. Bb3 Rc5 26. Qd4 Bc6 27. a3
a5 28. Ba2 a4 29. Kh2 Qf5 30. Bb1 Qe6 31. Re1 Bb5 32. Qd2 Kg7 33. f4 Rc4 34.
Qf2 Bd7 35. Bd3 Rc5 36. Qg3 Kf8 37. Qh4 Kg7 38. Re3 d4 39. f5 gxf5 40. Qxd4 Rd5
41. Qf4 Rc5 42. Rg3+ Kh7 43. Qg4 Qg6 44. Qd4 Qe6 45. Bxf5+ Qxf5 46. e6 Qe5 47.
Qd3+ 1-0

[Event "Campeonato Femenino 2015"]
[Site "Sochi RUS"]
[Date "2015.03.23"]
[Round "18.8"]
[White "Stefanova, Antoaneta"]
[Black "Muzychuk, Mariya"]
[Result "0-1"]
[WhiteElo "2522"]
[BlackElo "2526"]
[PlyCount "132"]
[EventDate "2015.03.16"]
[EventType "k.o."]
[EventRounds "6"]
[EventCountry "RUS"]
[Source "lmi"]
[SourceDate "2015.03.16"]

1. Nf3 Nf6 2. c4 g6 3. g3 Bg7 4. Bg2 d5 5. d4 dxc4 6. Na3 c3 7. bxc3 O-O 8. O-O
c5 9. Re1 Nc6 10. e4 cxd4 11. cxd4 Bg4 12. Bb2 Nd7 13. Nc2 Nb6 14. Rb1 Qc7 15.
Ne3 Bxf3 16. Bxf3 Rfd8 17. Nd5 Qd7 18. Nxb6 axb6 19. d5 Ne5 20. Be2 Rxa2 21.
Qb3 Rda8 22. f4 Ng4 23. e5 h5 24. Bb5 Qf5 25. Rbd1 h4 26. Re2 Nh6 27. Qf3 Rxb2
28. Rxb2 Bxe5 29. Re2 Bd6 30. Bd3 Qf6 31. Kg2 Kg7 32. Qe3 Bc5 33. Qe5 hxg3 34.
hxg3 Ng4 35. Qxf6+ Nxf6 36. Bc4 Ra3 37. Rd3 Ra1 38. Kf3 Rf1+ 39. Kg2 Rc1 40.
Bb3 Ng4 41. Kf3 f5 42. Bd1 Ra1 43. Rb2 b5 44. Rdd2 Ra3+ 45. Rb3 b4 46. Ke2 Ne3
47. Rxa3 bxa3 48. Bb3 b5 49. Kf3 Ng4 50. Re2 Nf6 51. Ba2 b4 52. Re1 Bd6 53. Re3
Kh6 54. Re6 Kh7 55. Re3 Kg7 56. Ke2 Nd7 57. Kd3 Nb6 58. Bb3 g5 59. fxg5 Kg6 60.
Kd4 Kxg5 61. Ba2 Nd7 62. Kc4 Nf6 63. Bb1 Nh5 64. Re6 Nxg3 65. Rxd6 exd6 66.
Kxb4 f4 0-1

[Event "Campeonato Femenino 2015"]
[Site "Sochi RUS"]
[Date "2015.03.26"]
[Round "22.2"]
[White "Pogonina, Natalija"]
[Black "Zhao, Xue"]
[Result "0-1"]
[WhiteElo "2456"]
[BlackElo "2527"]
[PlyCount "136"]
[EventDate "2015.03.16"]
[EventType "k.o."]
[EventRounds "6"]
[EventCountry "RUS"]
[Source "lmi"]
[SourceDate "2015.03.16"]

1. d4 Nf6 2. c4 e6 3. g3 d5 4. Nf3 Be7 5. Bg2 O-O 6. O-O dxc4 7. Qc2 a6 8. a4
Bd7 9. Qxc4 Bc6 10. Bg5 h6 11. Bxf6 Bxf6 12. Nc3 Bxf3 13. Bxf3 c6 14. e3 a5 15.
Qb3 Qc7 16. Rac1 Ra6 17. Rfd1 Rd8 18. Bg2 Qb6 19. Qa2 Ra8 20. Ne4 Be7 21. Nd2
Nd7 22. h4 Bb4 23. Ne4 Nf6 24. Nxf6+ gxf6 25. Qc4 Bf8 26. Qe2 Rd7 27. Rc4 Rad8
28. Rdc1 Bg7 29. g4 e5 30. dxe5 Rd2 31. Qf3 fxe5 32. R1c2 Qb3 33. Qe4 Rxc2 34.
Rxc2 Rd3 35. Qc4 Qxc4 36. Rxc4 Bf8 37. Rc3 Rd2 38. Rb3 Bb4 39. Be4 Rd1+ 40. Kg2
Ra1 41. Rd3 Rxa4 42. Kf3 Bf8 43. Rb3 Bb4 44. Rd3 Ra2 45. Rd7 b6 46. b3 Be1 47.
Bxc6 Rxf2+ 48. Ke4 Rf6 49. Bd5 Bxh4 50. Kxe5 Kg7 51. Ke4 Bg3 52. Bc4 Kg6 53.
Rd5 Bd6 54. Rf5 Rxf5 55. gxf5+ Kf6 56. Kd5 Bc5 57. e4 Kg5 58. Bd3 h5 59. e5 Kf4
60. e6 fxe6+ 61. fxe6 h4 62. Kc6 h3 63. Bc4 h2 64. Bd5 Ke3 65. Kd7 Kf2 66. e7
Bxe7 67. Kxe7 b5 68. Kd6 a4 0-1

[Event "Campeonato Femenino 2015"]
[Site "Sochi RUS"]
[Date "2015.03.26"]
[Round "22.3"]
[White "Cramling, Pia"]
[Black "Muzychuk, Anna"]
[Result "1/2-1/2"]
[WhiteElo "2495"]
[BlackElo "2552"]
[PlyCount "58"]
[EventDate "2015.03.16"]
[EventType "k.o."]
[EventRounds "6"]
[EventCountry "RUS"]
[Source "lmi"]
[SourceDate "2015.03.16"]

1. d4 Nf6 2. Nf3 e6 3. c4 c5 4. e3 d5 5. cxd5 exd5 6. Bb5+ Bd7 7. Bxd7+ Qxd7 8.
O-O Nc6 9. Nc3 Be7 10. dxc5 Bxc5 11. b3 O-O 12. Bb2 Rfd8 13. Rc1 Qe7 14. Nb5
Ne4 15. Nfd4 Qg5 16. Qe2 Rac8 17. f3 Bxd4 18. Nxd4 Nd6 19. Nxc6 bxc6 20. Bd4
Nb5 21. Bc5 d4 22. exd4 Nxd4 23. Qe4 Ne6 24. Be3 Qa5 25. Rc2 h6 26. Rfc1 Rd5
27. b4 Qa3 28. h3 Rcd8 29. Rxc6 Qxa2 1/2-1/2

[Event "Campeonato Femenino 2015"]
[Site "Sochi RUS"]
[Date "2015.03.26"]
[Round "22.4"]
[White "Arabidze, Meri"]
[Black "Harika, Dronavalli"]
[Result "1/2-1/2"]
[WhiteElo "2374"]
[BlackElo "2492"]
[PlyCount "30"]
[EventDate "2015.03.16"]
[EventType "k.o."]
[EventRounds "6"]
[EventCountry "RUS"]
[Source "lmi"]
[SourceDate "2015.03.16"]

1. d4 Nf6 2. c4 e6 3. Nf3 d5 4. Nc3 Nbd7 5. cxd5 exd5 6. Bg5 c6 7. e3 Be7 8.
Bd3 Ne4 9. Bf4 Ndf6 10. Qc2 O-O 11. O-O Bf5 12. Ne5 Re8 13. f3 Nxc3 14. Bxf5
Nb5 15. g4 g6 1/2-1/2

[Event "Campeonato Femenino 2015"]
[Site "Sochi RUS"]
[Date "2015.04.02"]
[Round "34.1"]
[White "Pogonina, Natalija"]
[Black "Muzychuk, Mariya"]
[Result "1/2-1/2"]
[WhiteElo "2456"]
[BlackElo "2526"]
[PlyCount "80"]
[EventDate "2015.03.16"]
[EventType "k.o."]
[EventRounds "6"]
[EventCountry "RUS"]
[Source "lmi"]
[SourceDate "2015.03.16"]

1. d4 d5 2. c4 c6 3. Nc3 Nf6 4. e3 e6 5. Nf3 Nbd7 6. Qc2 Bd6 7. Bd3 O-O 8. O-O
dxc4 9. Bxc4 b5 10. Be2 a6 11. Rd1 Qc7 12. e4 e5 13. dxe5 Nxe5 14. h3 Re8 15.
Bg5 Nxf3+ 16. Bxf3 Be6 17. Rac1 Rad8 18. b3 Bh2+ 19. Kf1 Be5 20. Be3 h6 21. Ne2
Rxd1+ 22. Rxd1 Bc8 23. Kg1 Bb7 24. g3 Rd8 25. Rxd8+ Qxd8 26. Bg2 Bc7 27. Nf4
Nd7 28. Nd3 Bb6 29. Nc5 Bc8 30. Nxd7 Bxd7 31. Bc5 Bxc5 32. Qxc5 Qa5 33. a3 Be6
34. e5 Qe1+ 35. Kh2 Bxb3 36. Bxc6 Be6 37. Bg2 Qe2 38. Qb6 Qxe5 39. Qxa6 Qc5 40.
Qa8+ Kh7 1/2-1/2

[Event "Campeonato Femenino 2015"]
[Site "Sochi RUS"]
[Date "2015.04.04"]
[Round "36.1"]
[White "Pogonina, Natalija"]
[Black "Muzychuk, Mariya"]
[Result "1/2-1/2"]
[WhiteElo "2456"]
[BlackElo "2526"]
[PlyCount "133"]
[EventDate "2015.03.16"]
[EventType "k.o."]
[EventRounds "6"]
[EventCountry "RUS"]
[Source "lmi"]
[SourceDate "2015.03.16"]

1. d4 d5 2. c4 c6 3. Nc3 Nf6 4. e3 e6 5. Nf3 Nbd7 6. Qc2 Bd6 7. Bd3 O-O 8. O-O
dxc4 9. Bxc4 b5 10. Be2 a6 11. Ng5 Qc7 12. e4 Bxh2+ 13. Kh1 c5 14. e5 cxd4 15.
exf6 Nxf6 16. f4 Bg3 17. Qd3 dxc3 18. Qxg3 h6 19. Nh3 Ne4 20. Qe1 Bb7 21. Bf3
cxb2 22. Bxb2 Qc2 23. Bxe4 Bxe4 24. Rf2 Qd3 25. Kh2 Rfd8 26. Rc1 Rac8 27. Rxc8
Rxc8 28. a3 Bd5 29. Rd2 Qg6 30. Qe5 f6 31. Qe3 Rc4 32. Rf2 Qf5 33. Bc3 Ra4 34.
Bd2 a5 35. Qc5 Qd3 36. Bc1 Qc4 37. Qxc4 Rxc4 38. Bb2 b4 39. axb4 Rxb4 40. Bc3
Rb5 41. Rd2 a4 42. Bb2 Rb3 43. f5 a3 44. Bd4 Rb4 45. Nf4 a2 46. Nxd5 Rxd4 47.
Nxf6+ gxf6 48. Rxa2 e5 49. Ra8+ Kf7 50. Ra7+ Ke8 51. Ra6 Ke7 52. Ra7+ Rd7 53.
Ra6 Kf7 54. Kg3 Kg7 55. Kg4 Re7 56. Ra3 Kh7 57. Ra6 e4 58. Ra2 e3 59. Re2 Rg7+
60. Kh4 Rg8 61. g4 Re8 62. Kg3 h5 63. gxh5 Kh6 64. Kf4 Re5 65. Rxe3 Rxe3 66.
Kxe3 Kxh5 67. Kf4 1/2-1/2

[Event "Campeonato Femenino 2015"]
[Site "Sochi RUS"]
[Date "2015.04.05"]
[Round "37.1"]
[White "Muzychuk, Mariya"]
[Black "Pogonina, Natalija"]
[Result "1/2-1/2"]
[WhiteElo "2526"]
[BlackElo "2456"]
[PlyCount "112"]
[EventDate "2015.03.16"]
[EventType "k.o."]
[EventRounds "6"]
[EventCountry "RUS"]
[Source "lmi"]
[SourceDate "2015.03.16"]

1. e4 e5 2. Nf3 Nc6 3. Nc3 Nf6 4. d4 exd4 5. Nxd4 Bc5 6. Be3 Bb4 7. Bd3 Ne5 8.
O-O O-O 9. Nd5 Nxd5 10. exd5 Re8 11. Be2 Bf8 12. Qd2 d6 13. h3 h6 14. Rae1 a6
15. f4 Nd7 16. Bf3 Nc5 17. Bf2 Rxe1 18. Rxe1 Bd7 19. g4 Be7 20. Kg2 Bh4 21.
Bxh4 Qxh4 22. Qf2 Qf6 23. Kg3 a5 24. Qd2 g5 25. Bg2 b5 26. b3 Qg6 27. a3 gxf4+
28. Qxf4 b4 29. axb4 axb4 30. Qd2 h5 31. Bf3 hxg4 32. hxg4 Rf8 33. Nc6 Bxc6 34.
dxc6 Ne6 35. Qxb4 Qxc2 36. Qc4 Qb2 37. Bd5 Ng5 38. Qf4 Qg7 39. Re7 Ra8 40. Qe3
Qh6 41. Bxf7+ Nxf7 42. Qxh6 Nxh6 43. Rxc7 Nf7 44. b4 Ne5 45. b5 Rb8 46. Rb7 Rc8
47. Kf4 Nd3+ 48. Ke4 Nc5+ 49. Kd5 Nxb7 50. cxb7 Rd8 51. b6 Kf7 52. Kc6 Ke7 53.
Kc7 Rd7+ 54. Kc6 Rd8 55. Kc7 Rd7+ 56. Kc6 Rd8 1/2-1/2